| 000 | 00886nam a22002897a 4500 | ||
|---|---|---|---|
| 003 | CHAP | ||
| 005 | 20220817042454.0 | ||
| 008 | 971013s1984 r 00010 d | ||
| 010 | _a45738 | ||
| 011 | _a46710 | ||
| 035 | _a50851 | ||
| 040 | _cCHAP | ||
| 082 |
_a630.72 _bU5i |
||
| 110 | _aUACH. Unidad de Planeación, Organización y Métodos | ||
| 245 | _aInvestigaciones y tesis reportadas | ||
| 260 |
_a(Chapingo, Méx.) : _bLa Unidad, _c(1984?) |
||
| 300 | _a283 p | ||
| 590 |
_aBATCH-UPD _b10 _c20130110 _lUCH01 _h1015 |
||
| 590 |
_aBATCH-UPD _b10 _c20130410 _lUCH01 _h0622 |
||
| 590 |
_aBATCH-UPD _b10 _c20130913 _lUCH01 _h2104 |
||
| 590 |
_aCONVERSION _b10 _c20130109 _lUCH01 _h1325 |
||
| 650 | 1 | 4 |
_aAgricultura _xInvestigación _xMéxico. _91643 |
| 650 | 1 | 4 |
_aTesis. _9112464 |
| 901 | _aBK | ||
| 942 | _cLIBRO | ||
| 949 |
_a630.72 U5i _bBC _cUACH _d-114153 _eUACH _h73707 _i50851 _mD _si |
||
| 999 |
_c45738 _d45738 |
||